Role of Indian Air Force in 1971 war / (Record no. 77741)
[ view plain ]
| 000 -LEADER | |
|---|---|
| fixed length control field | 00908nam a22002417a 4500 |
| 005 - DATE AND TIME OF LATEST TRANSACTION | |
| control field | 20130924112558.0 |
| 010 ## - LCCN (DPL NO) | |
| LC control number | ENG-108037 |
| 020 ## - INTERNATIONAL STANDARD BOOK NUMBER | |
| Terms of availability | 860.00 |
| International Standard Book Number | 9789381904503 |
| 035 ## - SYSTEM CONTROL NUMBER | |
| System control number | EN-91570 |
| 037 ## - SOURCE OF ACQUISITION | |
| Source of stock number/acquisition | DBAD/PUB |
| 082 ## - DEWEY DECIMAL CLASSIFICATION NUMBER | |
| Classification number | 954.92051 |
| 245 00 - TITLE STATEMENT | |
| Title | Role of Indian Air Force in 1971 war / |
| Statement of responsibility, etc | edited by Jasjit Singh |
| 260 ## - PUBLICATION, DISTRIBUTION, ETC. (IMPRINT) | |
| Place of publication, distribution, etc | New Delhi |
| Name of publisher, distributor, etc | KW Publishers in association with Centre for Air Power Studies |
| Date of publication, distribution, etc | 2013 |
| 270 ## - ADDRESS | |
| Address | 4676/21, F.F., Ansari Road, Daryaganj |
| City | New Delhi |
| Postal code | 110002 |
| 300 ## - PHYSICAL DESCRIPTION | |
| Extent | viii,229p. |
| Dimensions | 24cm(Hb) |
| 500 ## - GENERAL NOTE | |
| General note | Includes bibliographical references and index. |
| 610 ## - SUBJECT ADDED ENTRY--CORPORATE NAME | |
| Corporate name or jurisdiction name as entry element | India. |
| Subordinate unit | Indian Air Force. |
| 650 ## - SUBJECT ADDED ENTRY--TOPICAL TERM | |
| Topical term or geographic name as entry element | India-Pakistan Conflict, 1971 |
| General subdivision | Campaigns. |
| 650 ## - SUBJECT ADDED ENTRY--TOPICAL TERM | |
| Topical term or geographic name as entry element | India-Pakistan Conflict, 1971 |
| General subdivision | Aerial operations, Indic. |
| 700 ## - ADDED ENTRY--PERSONAL NAME | |
| Personal name | Jasjit Singh |
| 710 ## - ADDED ENTRY--CORPORATE NAME | |
| Corporate name or jurisdiction name as entry element | Centre for Air Power Studies (New Delhi, India) |
| 942 ## - ADDED ENTRY ELEMENTS (KOHA) | |
| Source of classification or shelving scheme | Dewey Decimal Classification |
| Item type | English Books |
| Call number suffix | ROL |
| Classification part | 954.92051 |
| Withdrawn status | Lost status | Not for loan | Collection code | Home library | Current library | Date acquired | Source of acquisition | Cost, normal purchase price | Full call number | Barcode | Copy number | Cost, replacement price | Koha item type |
|---|---|---|---|---|---|---|---|---|---|---|---|---|---|
| Not For Loan | Non-fiction | D.B.Act.Division | D.B.Act.Division | 18/07/2013 | DBAD/PUB | 860.00 | 954.92051 ROL | EN-91570 | 1 | 860.00 | English Books |
